000 00665na a2200217 4500
001 18973
003 MIRAKIL
005 20181213155051.0
008 161206b tu 000 0
020 _a9758458442
040 _aMilas
_btur
_cTR-AnCHP
041 _atur
082 _a658.422
_bK26 2002
090 _a658.422 K26 2002
245 _aKurumsal yönetim en iyi uygulama kodu: yönetim kurulunun yapısı ve işleyişi
260 _aAnkara
_bTÜSİAD
_c2002
300 _a39 s.
_c28 sm
490 _aTürk Sanayicileri ve İş Adamları Derneği
_vyayın no. TÜSİAD-T/2002-12/336
650 _aGenel yönetim
_xYönetim kurulları
942 _2ddc
_cBKS
999 _c5932
_d5932